LEADER 01234nam--2200373---450- 001 990002471200203316 005 20081218162040.0 010 $a88-464-6190-8 035 $a000247120 035 $aUSA01000247120 035 $a(ALEPH)000247120USA01 035 $a000247120 100 $a20050914d24-c----km-y0itay0103----ba 101 0 $aita 102 $aIT 105 $ay|||z|||001yy 200 1 $aAnalisi finanziaria e gestione di portafoglio$evalutazione del rischio, tecniche di asset allocation, strumenti di analisi tecnica e fondamentale$fEugenio Linguanti$gprefazione di Mario Ghiraldelli 210 $a187 p.$d24 cm 215 $a187 p.$d23 cm 225 2 $aAzienda moderna$v577 410 0$1001$12001$aAzienda moderna 606 0 $aInvestimenti$xRischi 606 0 $aMercati finanziari$xAnalisi 676 $a332.6322 700 1$aLINGUANTI,$bEugenio$0496853 801 0$aIT$bsalbc$gISBD 912 $a990002471200203316 951 $a332.632 LIN 1 (IRA 11 267)$b13310 E.C.$cIRA 11$d00180212 959 $aBK 969 $aECO 979 $aCHIARA$b90$c20050914$lUSA01$h1229 979 $aRSIAV2$b90$c20081218$lUSA01$h1620 996 $aAnalisi finanziaria e gestione di portafoglio$9750770 997 $aUNISA LEADER 02249nam 22006253u 450 001 9910451342903321 005 20210114014843.0 010 $a1-282-52809-2 010 $a9786612528095 010 $a0-85771-077-X 010 $a600-00-0617-9 010 $a1-4175-4244-6 035 $a(CKB)1000000000445496 035 $a(EBL)676760 035 $a(OCoLC)710975664 035 $a(SSID)ssj0000109647 035 $a(PQKBManifestationID)11999624 035 $a(PQKBTitleCode)TC0000109647 035 $a(PQKBWorkID)10047658 035 $a(PQKB)11673586 035 $a(MiAaPQ)EBC676760 035 $a(Au-PeEL)EBL676760 035 $a(CaONFJC)MIL252809 035 $a(EXLCZ)991000000000445496 100 $a20130610d2000|||| u|| | 101 0 $aeng 135 $aur|n|---||||| 181 $ctxt 182 $cc 183 $acr 200 10$aBed and Sofa$b[electronic resource] $eThe Film Companion 205 $a1st ed. 210 $aLondon $cI.B.Tauris$d2000 215 $a1 online resource (136 p.) 225 1 $aKINOfiles Film Companion Ser. 300 $aDescription based upon print version of record. 311 $a1-86064-503-8 327 $aCover; Contents; Illustrations; Acknowledgements; Production Credits; Note on Transliteration and Dates; 1. Introduction: Before Bed and Sofa; 2. Bed and Sofa: An Analysis; 3. After Bed and Sofa: The Reception of the Film and the Fate of Its Themes; Further Reading 330 $aAbram Room's daring 1927 film is the story of a me?nage a? trois - one woman, two men - set in a 1920s Moscow flat. Remarkable for its frankness, humour and corrosive assessment of the new Soviet society, Bed and Sofa has found new and enthusiastic audiences in recent years. 410 0$aKINOfiles Film Companion Ser. 606 $aTretia Meshchanskaia 606 $aTret'i?a? Meshchanskai?a? 608 $aElectronic books. 615 4$aTretia Meshchanskaia. 615 4$aTret'i?a? Meshchanskai?a?. 676 $a791.43/72 676 $a791.4372 700 $aGraffy$b Julian$01053411 801 0$bAU-PeEL 801 1$bAU-PeEL 801 2$bAU-PeEL 906 $aBOOK 912 $a9910451342903321 996 $aBed and Sofa$92485281 997 $aUNINA